<?xml version="1.0" encoding="UTF-8"?>
<record
    xmlns:xsi="http://www.w3.org/2001/XMLSchema-instance"
    xsi:schemaLocation="http://www.loc.gov/MARC21/slim http://www.loc.gov/standards/marcxml/schema/MARC21slim.xsd"
    xmlns="http://www.loc.gov/MARC21/slim">

  <leader>01418nam a2200265 a 4500</leader>
  <controlfield tag="001">000025642</controlfield>
  <controlfield tag="005">20200930023934.0</controlfield>
  <controlfield tag="008">110218s1975    ag ad   r     000 0 spa d</controlfield>
  <datafield tag="040" ind1=" " ind2=" ">
    <subfield code="a">DO-SdBNP</subfield>
    <subfield code="b">spa</subfield>
    <subfield code="c">BNPHU</subfield>
  </datafield>
  <datafield tag="082" ind1=" " ind2=" ">
    <subfield code="a">xxxxx</subfield>
    <subfield code="b">B655e</subfield>
  </datafield>
  <datafield tag="100" ind1="1" ind2=" ">
    <subfield code="a">Bloom, Benjam&#xED;n S</subfield>
    <subfield code="9">52060</subfield>
  </datafield>
  <datafield tag="245" ind1="1" ind2="0">
    <subfield code="a">Evaluaci&#xF3;n del aprendizaje /</subfield>
    <subfield code="c">Benjamin Samuel Bloom ,J Thomas Hastings , George F Madaus ; traducci&#xF3;n Antonio H. Soto , Enrique molina de Vedia.</subfield>
  </datafield>
  <datafield tag="260" ind1=" " ind2=" ">
    <subfield code="a">Buenos Aires :</subfield>
    <subfield code="b">Troquel,</subfield>
    <subfield code="c">1975.</subfield>
  </datafield>
  <datafield tag="300" ind1=" " ind2=" ">
    <subfield code="a">v. ; :</subfield>
    <subfield code="b">il., diagrs. ;</subfield>
    <subfield code="c">22.5 cm.</subfield>
  </datafield>
  <datafield tag="500" ind1=" " ind2=" ">
    <subfield code="a">Incluye referencias bibliogr&#xE1;ficas p. [316-319].</subfield>
  </datafield>
  <datafield tag="500" ind1=" " ind2=" ">
    <subfield code="a">Biblioteca posee v. 2 y 4</subfield>
  </datafield>
  <datafield tag="504" ind1=" " ind2=" ">
    <subfield code="a">Incluye referencias bibliogr&#xE1;ficas y notas al pie de las p&#xE1;ginas.</subfield>
  </datafield>
  <datafield tag="505" ind1="0" ind2=" ">
    <subfield code="g">v.2</subfield>
    <subfield code="t">Educaci&#xF3;n preescolar I,</subfield>
    <subfield code="r">Constance K. Kamii.</subfield>
    <subfield code="t">Educaci&#xF3;n preescolar II,</subfield>
    <subfield code="r">Courtney B. Cazden.</subfield>
    <subfield code="t">Artes del lenguaje,</subfield>
    <subfield code="r">Walter J. Moore,</subfield>
    <subfield code="r">Larry D. Kennedy.</subfield>
    <subfield code="t">Estudios sociales de la escuela secundaria,</subfield>
    <subfield code="r">Lisanio R. Orlandi.</subfield>
    <subfield code="g">v. 4</subfield>
    <subfield code="t">Literatura,</subfield>
    <subfield code="r">Alan C. Purves.</subfield>
    <subfield code="t">Lengua escrita,</subfield>
    <subfield code="r">Joseph J. Foley.</subfield>
    <subfield code="t">Segunda lengua,</subfield>
    <subfield code="r">Rebeca M. Valette.</subfield>
    <subfield code="t">Educaci&#xF3;n industrial,</subfield>
    <subfield code="r">Thomas S. Baldwin</subfield>
  </datafield>
  <datafield tag="534" ind1=" " ind2=" ">
    <subfield code="p">T&#xED;tulo original :</subfield>
    <subfield code="t">Handbook on formative and summative evaluation of student learning.</subfield>
  </datafield>
  <datafield tag="700" ind1="1" ind2=" ">
    <subfield code="a">Hastings, J. Thomas</subfield>
    <subfield code="9">52374</subfield>
  </datafield>
  <datafield tag="700" ind1="1" ind2=" ">
    <subfield code="a">Madaus, George F.</subfield>
    <subfield code="9">52375</subfield>
  </datafield>
  <datafield tag="700" ind1="1" ind2=" ">
    <subfield code="a">Soto, Antonio H.,</subfield>
    <subfield code="e">tr.</subfield>
    <subfield code="9">48442</subfield>
  </datafield>
  <datafield tag="700" ind1="1" ind2=" ">
    <subfield code="a">Molina de Vedia, Enrique,</subfield>
    <subfield code="e">tr.</subfield>
    <subfield code="9">52376</subfield>
  </datafield>
  <datafield tag="049" ind1=" " ind2=" ">
    <subfield code="a">BNGR</subfield>
  </datafield>
  <datafield tag="952" ind1=" " ind2=" ">
    <subfield code="0">0</subfield>
    <subfield code="1">0</subfield>
    <subfield code="5">4</subfield>
    <subfield code="7">0</subfield>
    <subfield code="8">MO</subfield>
    <subfield code="a">GR</subfield>
    <subfield code="b">GR</subfield>
    <subfield code="c">CT</subfield>
    <subfield code="d">2011-02-18</subfield>
    <subfield code="i">LF1</subfield>
    <subfield code="l">0</subfield>
    <subfield code="o">v. 2</subfield>
    <subfield code="p">25642-10</subfield>
    <subfield code="r">2020-06-25</subfield>
    <subfield code="w">2020-06-25</subfield>
    <subfield code="y">4</subfield>
    <subfield code="Z">Pr&#xE9;stamo en sala</subfield>
  </datafield>
  <datafield tag="952" ind1=" " ind2=" ">
    <subfield code="0">0</subfield>
    <subfield code="1">0</subfield>
    <subfield code="5">4</subfield>
    <subfield code="7">0</subfield>
    <subfield code="8">MO</subfield>
    <subfield code="a">GR</subfield>
    <subfield code="b">GR</subfield>
    <subfield code="c">CT</subfield>
    <subfield code="d">2011-02-18</subfield>
    <subfield code="i">LF1</subfield>
    <subfield code="l">0</subfield>
    <subfield code="o">v. 4</subfield>
    <subfield code="p">25642-20</subfield>
    <subfield code="r">2020-06-25</subfield>
    <subfield code="w">2020-06-25</subfield>
    <subfield code="y">4</subfield>
    <subfield code="Z">Pr&#xE9;stamo en sala</subfield>
  </datafield>
  <datafield tag="999" ind1=" " ind2=" ">
    <subfield code="c">25134</subfield>
    <subfield code="d">25134</subfield>
  </datafield>
</record>
